000 00768nam a2200229 i 4500
001 187398
003 SpMaBN
005 20250817062601.0
008 170628s1981 sp a c |||| | spa d
020 _a84-7075-193-X
080 _a7.038.42(060.64)
100 1 _aTuchman, Phyllis.
_9163291
245 1 0 _aMinimal art
_b: enero-marzo 1981 : [exposición, Fundación Juan March] /
_c[textos, Phyllis Tuchman ; traducción, Gian Castelli].
260 _aMadrid :
_bFundación Juan March,
_c[1981]
300 _a62 p. :
_bil. ;
_c29 cm.
650 7 _aArte minimal-
_vExposiciones.
_9163292
655 7 _2tgfbne
_9193628
_aCatálogos de exposiciones
710 2 _aFundación Juan March
_94346
852 _aES-MaACL
_jL-31741
942 _2udc
999 _c187398
_d187398